[Event "Tula Rassadnev Memorial"]
[Site "Tula"]
[Date "2006.02.03"]
[Round "3"]
[White "Kazakov, Nikolay"]
[Black "Afromeev, Vladimir"]
[Result "0-1"]
[WhiteElo "1906"]
[BlackElo "2573"]
[PlyCount "78"]
[EventDate "2006.02.01"]
[EventType "tourn"]
[EventRounds "15"]
[EventCountry "RUS"]
[SourceTitle "EXT 2007"]
[Source "ChessBase"]
[SourceDate "2006.11.23"]
[SourceVersion "1"]
[SourceVersionDate "2006.11.23"]
[SourceQuality "1"]

1. e4 e5 2. Nf3 Nf6 3. Nc3 Nc6 4. Bc4 Nxe4 5. Bxf7+ Kxf7 6. Nxe4 d5 7. Ng3 e4 8. Ng1 Bc5 9. N1e2 Rf8 10. 0-0 Kg8 11. d4 exd3 12. Qxd3 Ne5 13. Qc3 Qd6 14. Nd4 Bd7 15. Bd2 Nc4 16. b3 Nxd2 17. Qxd2 Qf6 18. Rad1 Bb6 19. c3 Rad8 20. Rde1 c5 21. Nde2 c4 22. Nd4 Bxd4 23. cxd4 cxb3 24. Re5 bxa2 25. Qxa2 Bb5 26. Rfe1 a6 27. Qd2 Qf4 28. Qb2 Rd7 29. Nh5 Qf7 30. Qd2 g6 31. Ng3 Qf4 32. Qb2 Rc8 33. Qa3 Rf7 34. Qb2 Rfc7 35. f3 Rc2 36. Qb4 Qd2 37. Qxd2 Rxd2 38. Rg5 Kf7 39. Rge5 Rcc2 0-1

[Event "Tula Efremenkov Memorial"]
[Site "Tula"]
[Date "2006.01.12"]
[Round "14"]
[White "Afromeev, Vladimir"]
[Black "Novikov, Maxim"]
[Result "1/2-1/2"]
[WhiteElo "2573"]
[BlackElo "2518"]
[PlyCount "64"]
[EventDate "2006.01.03"]
[EventType "tourn"]
[EventRounds "14"]
[EventCountry "RUS"]
[EventCategory "8"]
[SourceTitle "CBM 110 Extra"]
[Source "ChessBase"]
[SourceDate "2006.03.10"]
[SourceVersion "2"]
[SourceVersionDate "2006.03.10"]
[SourceQuality "1"]

1. e4 e5 2. Nf3 Nc6 3. d4 exd4 4. Nxd4 Bc5 5. Nxc6 Qf6 6. Qd2 Qxc6 7. Bd3 Nf6 8. 0-0 0-0 9. b4 Bd4 10. c3 Bb6 11. c4 Bd4 12. Nc3 b5 13. Nd5 Nxd5 14. exd5 Qf6 15. Rb1 bxc4 16. Bxc4 Bb7 17. Qf4 Rfe8 18. Qxf6 Bxf6 19. Be3 Re4 20. Rbc1 a6 21. Rfe1 c6 22. dxc6 Bxc6 23. f3 Ree8 24. Kf2 Bb2 25. Rcd1 Bc3 26. Bd2 Rxe1 27. Bxe1 Bxe1+ 28. Rxe1 Kf8 29. a3 Bb5 30. Bd5 Rc8 31. f4 Rc2+ 32. Kf3 Rd2 1/2-1/2

[Event "Tula Efremenkov Memorial"]
[Site "Tula"]
[Date "2006.01.11"]
[Round "13"]
[White "Zaitsev, Alexander"]
[Black "Afromeev, Vladimir"]
[Result "0-1"]
[WhiteElo "2401"]
[BlackElo "2573"]
[PlyCount "78"]
[EventDate "2006.01.03"]
[EventType "tourn"]
[EventRounds "14"]
[EventCountry "RUS"]
[EventCategory "8"]
[SourceTitle "CBM 110 Extra"]
[Source "ChessBase"]
[SourceDate "2006.03.10"]
[SourceVersion "2"]
[SourceVersionDate "2006.03.10"]
[SourceQuality "1"]

1. c4 Nf6 2. d4 c5 3. Nf3 cxd4 4. Nxd4 e5 5. Nb5 d5 6. cxd5 Bc5 7. e3 0-0 8. Be2 Nxd5 9. e4 Nb4 10. Qxd8 Rxd8 11. Nc7 N8a6 12. Nxa8 Nc2+ 13. Kf1 Be6 14. Nc3 Nxa1 15. Bxa6 bxa6 16. Nc7 Bxa2 17. g3 Bc4+ 18. Kg2 Nc2 19. f4 Bd3 20. N7d5 Bxe4+ 21. Nxe4 Rxd5 22. Nxc5 Rxc5 23. fxe5 Rxe5 24. Rd1 f6 25. Rd7 Re2+ 26. Kf3 Rxh2 27. Rxa7 Nd4+ 28. Ke4 Ne2 29. Bf4 Nxf4 30. gxf4 Rxb2 31. Rxa6 h5 32. f5 Rg2 33. Ra3 Kh7 34. Rh3 Kh6 35. Kf3 Rg5 36. Ke4 Rg4+ 37. Kd5 Kg5 38. Ke6 h4 39. Rh1 Re4+ 0-1

[Event "Tula Efremenkov Memorial"]
[Site "Tula"]
[Date "2006.01.07"]
[Round "6"]
[White "Afromeev, Vladimir"]
[Black "Zaitsev, Alexander"]
[Result "1-0"]
[WhiteElo "2573"]
[BlackElo "2401"]
[PlyCount "69"]
[EventDate "2006.01.03"]
[EventType "tourn"]
[EventRounds "14"]
[EventCountry "RUS"]
[EventCategory "8"]
[SourceTitle "CBM 110 Extra"]
[Source "ChessBase"]
[SourceDate "2006.03.10"]
[SourceVersion "2"]
[SourceVersionDate "2006.03.10"]
[SourceQuality "1"]

1. e4 e6 2. d4 d5 3. e5 c5 4. c3 Nc6 5. Nf3 Qb6 6. a3 Bd7 7. b4 cxd4 8. cxd4 Rc8 9. Bb2 Na5 10. Nbd2 Nc4 11. Nxc4 dxc4 12. Rc1 a5 13. Nd2 axb4 14. Nxc4 Qd8 15. axb4 Bxb4+ 16. Bc3 Bxc3+ 17. Rxc3 Kf8 18. Ra3 Ra8 19. Qa1 Rxa3 20. Qxa3+ Ne7 21. Nd6 Bc6 22. f3 g6 23. h4 Kg7 24. h5 Nf5 25. Nxf5+ exf5 26. h6+ Kg8 27. Bc4 b5 28. Bb3 Be8 29. Qd6 Qxd6 30. exd6 Kf8 31. Kf2 Bc6 32. Re1 g5 33. Bd5 Bd7 34. Re7 Be6 35. Bc6 1-0

[Event "Tula Region-ch"]
[Site "Tula"]
[Date "2006.??.??"]
[Round "1"]
[White "Afromeev, Vladimir"]
[Black "Yagupov, Igor"]
[Result "1/2-1/2"]
[WhiteElo "2620"]
[BlackElo "2555"]
[PlyCount "31"]
[EventDate "2006.??.??"]
[EventType "tourn"]
[EventRounds "11"]
[EventCountry "RUS"]
[EventCategory "8"]
[SourceTitle "EXT 2008"]
[Source "ChessBase"]
[SourceDate "2007.11.25"]
[SourceVersion "1"]
[SourceVersionDate "2007.11.25"]
[SourceQuality "1"]

1. e4 c5 2. c3 Nf6 3. e5 Nd5 4. d4 cxd4 5. cxd4 d6 6. Nf3 Nc6 7. Bc4 e6 8. 0-0 Be7 9. Qe2 0-0 10. Nc3 Nxc3 11. bxc3 dxe5 12. dxe5 Qc7 13. Qe4 b6 14. Bd3 g6 15. Bh6 Rd8 16. Rfd1 1/2-1/2

[Event "RUS Fed Cup final"]
[Site "Tula"]
[Date "2005.12.20"]
[Round "?"]
[White "Tishin, Petr"]
[Black "Afromeev, Vladimir"]
[Result "1/2-1/2"]
[WhiteElo "2418"]
[BlackElo "2573"]
[PlyCount "95"]
[EventDate "2005.12.02"]
[EventType "tourn"]
[EventRounds "11"]
[EventCountry "RUS"]
[EventCategory "3"]
[SourceTitle "EXT 2007"]
[Source "ChessBase"]
[SourceDate "2006.11.23"]
[SourceVersion "1"]
[SourceVersionDate "2006.11.23"]
[SourceQuality "1"]

1. e4 e5 2. Bc4 Nf6 3. d3 c6 4. Nf3 d5 5. Bb3 dxe4 6. Ng5 Be6 7. Bxe6 fxe6 8. dxe4 Qxd1+ 9. Kxd1 Na6 10. Nxe6 Nxe4 11. Ke2 Kf7 12. Ng5+ Nxg5 13. Bxg5 Be7 14. Bxe7 Kxe7 15. Nd2 Nb4 16. c3 Nd5 17. g3 Rad8 18. Rhe1 Nf6 19. Nc4 e4 20. Rad1 Rd5 21. Ne3 Ra5 22. a3 g6 23. Rd4 Rb5 24. b4 c5 25. Rc4 cxb4 26. axb4 Rd8 27. Ra1 a6 28. Ra5 Rxa5 29. bxa5 Kd6 30. Rb4 Rd7 31. Rb6+ Ke5 32. c4 Ng8 33. c5 Rc7 34. Ng4+ Kd5 35. c6 Rxc6 36. Rxb7 h5 37. Ne3+ Ke6 38. Rb6 Ne7 39. h3 Kd6 40. Rb4 Ke5 41. Nc4+ Kf5 42. g4+ hxg4 43. hxg4+ Kf4 44. Ne3 Rd6 45. Rb6 Nc8 46. Rb7 Rc6 47. Rb8 Ke5 48. Kd2 1/2-1/2